000 00621nam a2200181Ia 4500
008 090123s9999 xx 000 0 und d
082 _b39100
100 _aक़ुलकर्णी राज
245 _aआयडीयाज् आर डेंजरस
250 _a1
260 _bनवचैतन्य प्रकाशन
_c2005
300 _a119
600 _aक़ुलकर्णी राज
630 _aआयडीयाज् आर डेंजरस
700 _aक़ुलकर्णी राज
730 _aआयडीयाज् आर डेंजरस
942 _cBOOK
999 _c77164
_d77164